| Поле | Название | Значение |
| |
Тип записи |
a |
| |
Библиографический уровень |
m |
| 001 |
Контрольный номер |
UONB/MAIN/78b8a050534649eba291fc43060f544c |
| 005 |
Дата корректировки |
20241128130659.7 |
| 010 |
Индекс ISBN |
__ |
| d |
Цена |
95 к. |
| 9 |
Тираж |
830 экз. |
| 100 |
Данные общей обработки |
__ |
| a |
Данные общей обработки |
20241128d1978 m y0rusy0189 ca |
| 101 |
Язык документа |
0_ |
| a |
Язык текста |
rus |
| 102 |
Страна публикации |
__ |
| a |
Страна публикации |
RU |
| 105 |
Кодированные данные (монография) |
__ |
| a |
Кодированные данные (монография) |
a z 001yy |
| 200 |
Заглавие и сведения об ответственности |
1_ |
| a |
Заглавие |
Архитектура и строительство |
| e |
Сведения, относящиеся к заглавию |
строительство и стоит. материалы |
| e |
Сведения, относящиеся к заглавию |
межвуз. сборник |
| f |
Первые сведения об ответственности |
Кишин. политехн. ин-т им. С. Лазо |
| g |
Последующие сведения об ответственности |
отв. ред. А.Х. Тораманян |
| 203 |
Вид содержания и тип средства |
__ |
| a |
Вид содержания |
Текст |
| b |
Характеристика содержания |
визуальный |
| c |
Тип средства |
непосредственный |
| 210 |
Выходные данные |
1_ |
| a |
Место издания |
Кишинев |
| c |
Издательство |
Штиинца |
| d |
Дата издания |
1978 |
| 215 |
Физическое описание |
__ |
| a |
Объем |
107 с. |
| c |
Иллюстрации/тип воспроизводства |
ил. |
| d |
Формат |
21 см |
| 320 |
Библиография |
__ |
| a |
Библиография |
Библиогр. в конце ст. |
| 606 |
Тематические рубрики |
0_ |
| a |
Основная рубрика |
Архитектура |
| j |
Формальный подзаголовок |
Сборники |
| 606 |
Тематические рубрики |
0_ |
| a |
Основная рубрика |
Строительное дело |
| j |
Формальный подзаголовок |
Сборники |
| 686 |
Индексы других классификаций |
__ |
| a |
Классификационный индекс |
85.11я43 |
| 2 |
Код системы |
rubbk |
| 702 |
Вторичная интеллектуальная ответственность |
_1 |
| a |
Фамилия |
Тораманян |
| b |
Имя (инициалы) |
А.Х. |
| g |
Полное личное имя |
Аршавир Хоренович |
| 4 |
Код отношения |
340 |
| 712 |
Наименование организации (Вторичная ответственность) |
02 |
| a |
Организация/ юрисдикция |
Кишиневский политехнический институт им. С. Лазо |
| 4 |
Код отношения |
570 |
| 801 |
Источник записи |
_0 |
| a |
Страна |
RU |
| b |
Организация |
Ульяновская ОНБ |
| c |
Дата составления |
20241128 |
| g |
Правила каталогизации |
RCR |
| 801 |
Источник записи |
_1 |
| a |
Страна |
RU |
| b |
Организация |
Ульяновская ОНБ |
| c |
Дата составления |
20241128 |
| g |
Правила каталогизации |
RCR |
| 901 |
Тип документа |
__ |
| t |
Тип документа |
m |
| 909 |
Создатель записи |
__ |
| a |
Создатель записи |
Кадыкова |
| b |
Дата создания записи |
20241128 |